000 00415nam a22001697a 4500
005 20160701105919.0
008 160701b xxu||||| |||| 00| 0 eng d
020 _a81-85749-60-4
041 _aeng
082 _b18151
100 _aGupta, Dr. B R & Singhal, V
_93273
245 _aDigital Electronics
260 _bS.K. Kataria & Sons
_c2012
300 _a540
650 _aDiploma Engineering
_9817
942 _cBK
999 _c5023
_d5021